000 00301nam a22001337a 4500
008 260223b ||||| |||| 00| 0 eng d
020 _a9951050839
041 _aeng
080 _a316.722
100 _a20.1
101 _aroman
245 _aTë Edukohet Qytetari
_cPatrice Canivez
942 _2lcc
_cBK
999 _c60839
_d60839